"Szövegelünk? Szövegeljünk!" a szövegalkotás tanítása feladatbank segítségével, 9-10. osztályban /

Elmentve itt :
Bibliográfiai részletek
Szerző: Szabó Éva
Testületi szerző: Pedagógiai Értékelési Konferencia (6.) (2008) (Szeged)
Dokumentumtípus: Könyv része
Megjelent: 2008
Sorozat:Pedagógiai Értékelési Konferencia 6
Kulcsszavak:Fogalmazási képesség - előadáskivonat
Online Access:http://acta.bibl.u-szeged.hu/60469
LEADER 00734naa a2200181 i 4500
001 acta60469
005 20260224081030.0
008 190805s2008 hu o 100 hun d
040 |a SZTE Egyetemi Kiadványok Repozitórium  |b hun 
041 |a hun 
100 1 |a Szabó Éva 
245 1 0 |a "Szövegelünk? Szövegeljünk!"   |h [elektronikus dokumentum] :  |b a szövegalkotás tanítása feladatbank segítségével, 9-10. osztályban /  |c  Szabó Éva 
260 |c 2008 
300 |a 62 
490 0 |a Pedagógiai Értékelési Konferencia  |v 6 
695 |a Fogalmazási képesség - előadáskivonat 
710 |a Pedagógiai Értékelési Konferencia (6.) (2008) (Szeged) 
856 4 0 |u http://acta.bibl.u-szeged.hu/60469/1/pek_2008_062.pdf  |z Dokumentum-elérés